Impossible - James Arthur - All Lyrics - Statistics

General Stats
  • This quiz has been taken 295 times
  • The average score is 248 of 295
Answer Stats
Answer % Correct
I
100%
Oh,
99%
the
98%
it
96%
And
94%
and
94%
is
94%
so
94%
to
94%
now,
93%
now
93%
me
92%
impossible,
91%
impossible
91%
(impossible),
91%
(impossible)
91%
Impossible,
91%
My
91%
my
91%
remember
91%
should
91%
ago
90%
did
90%
go
90%
someone
90%
take
90%
tell
90%
Tell
90%
we
90%
when
90%
years
90%
you
90%
You
90%
all
89%
All
89%
know
89%
know,
89%
them
89%
told
89%
was
89%
love,
88%
love
88%
heart
87%
not
87%
broken
85%
Broken
85%
comes
84%
from
84%
gone
84%
happy
84%
on
83%
On
83%
there
83%
be
82%
nothin'
82%
Shout
82%
wear
82%
mistake
81%
say
81%
are
80%
for
79%
skyline
79%
were
79%
had
77%
illusion,
77%
open
76%
strong
76%
would
76%
caution
74%
rooftops
74%
scars
73%
Write
72%
what
71%
forgot,
70%
can
68%
done,
68%
done
68%
careless,
67%
have
67%
hoped
63%
ahead,
59%
of
58%
effortlessly
57%
your
55%
Fallin'
52%
won,
52%
need
51%
out
51%
hard
49%
hearts
49%
thinking
44%
you're
44%
trust
43%
Falling
42%
betrayal
41%
worse
40%
promises
39%
will
39%
with
39%
own,
38%
Empty
37%
if
37%
Buildin'
36%
embarrassin'
33%
faith
30%
words
29%
No matching quizzes found
Score Distribution
Percent of People with Each Score
Percentile by Number Answered
Your Score History
You have not taken this quiz